000 00840nam a2200229Ia 4500
003 GCL
008 140319s9999 xx 000 0 ara d
040 _aGCL /
_cGCL
082 0 4 _a361.7
_bم م
100 1 _aمحروس محمود خليفة
245 1 0 _aممارسة الخدمة الاجتماعية دراسات فى التغيير المخطط /
_cمحروس محمود خليفة
260 _a[S.N] :
_bدار المعرفة الجامعية ،
_c1992
300 _a458 ص
490 _aقراءات نقدية فى الخدمة الاجتماعية
_v0
650 0 4 _aالخدمة الاجتماعية
650 0 4 _aالبحوث
650 0 4 _aالانثربولوجيا
650 0 4 _aالتغير الاجتماعى
650 0 4 _aخدمة الجماعة
650 0 4 _aالشئون الاجتماعية
942 _2ddc
_cBK
999 _c33480
_d33480